00865nam a22002057a 4500999001700000003000400017008004100021020001800062020001500080050002700095100003000122245005600152260004400208300003200252500010300284650002300387650008900410942003700499952012300536 c30421d30421OSt190529b xxu||||| |||| 00| 0 eng d a9780761537175 a0761537171 aGV1853.3.F62bW55 2002 aWiley Wright, Kim, d1955 aWalt Disney World with kids, 2003cKim Wright Wiley aRoseville, CA : bPrima Pub., c©2002. axvii, 477 p. :b ill., maps a"Including Disney Cruise Line, Universal Orlando and Islands of Adventure"--Cover. Includes index. aFamily recreation. aWalt Disney World (Fla.) x Florida yGuidebooks. Family recreationzOrlando Region  2lcccBOOKShGV1853.3.F62W55 2002 00102lcc4070aMUCbMUCc%d2019-05-29eDonation(BFA)l0oGV1853.3.F62W55 2002p38424r2019-05-31w2019-05-29yBOOKS